[Event "SVK-chT4 A21 1516"]
[Site "Slovakia"]
[Date "2015.11.22"]
[Round "4.4"]
[White "Smrek, Peter"]
[Black "Lajda, Dusan"]
[Result "1/2-1/2"]
[WhiteElo "1808"]
[BlackElo "1814"]
[PlyCount "52"]
[EventDate "2015.10.04"]
[EventType "team-tourn"]
[EventRounds "11"]
[EventCountry "SVK"]
[SourceTitle "CBM 170 Extra"]
[Source "ChessBase"]
[SourceDate "2016.02.25"]
[SourceVersion "1"]
[SourceVersionDate "2016.02.25"]
[SourceQuality "1"]
[WhiteTeam "Vrbove III"]
[BlackTeam "Vrbove II"]
[WhiteTeamCountry "SVK"]
[BlackTeamCountry "SVK"]

1. d4 d5 2. c4 c6 3. Nf3 Nf6 4. Bg5 e6 5. e3 Nbd7 6. Nc3 dxc4 7. Bxc4 b5 8. Bd3 a6 9. 0-0 Be7 10. a3 c5 11. Rc1 c4 12. Bb1 Bb7 13. Qc2 h6 14. Bf4 0-0 15. Ne5 Rc8 16. Rcd1 Re8 17. e4 Nf8 18. f3 Qb6 19. Be3 N6d7 20. Nxd7 Nxd7 21. e5 g6 22. Ne4 Nxe5 23. Kf2 Nd3+ 24. Kg1 f5 25. Nf2 Nxf2 26. Bxf2 Bf6 1/2-1/2

[Event "SVK-chT3A2 1516"]
[Site "Slovakia"]
[Date "2015.11.15"]
[Round "3.1"]
[White "Drgon, Matus"]
[Black "Lajda, Dusan"]
[Result "1/2-1/2"]
[WhiteElo "1790"]
[BlackElo "1795"]
[PlyCount "109"]
[EventDate "2015.10.11"]
[EventType "team-tourn"]
[EventRounds "11"]
[EventCountry "SVK"]
[SourceTitle "EXT 2020"]
[Source "ChessBase"]
[SourceDate "2019.10.17"]
[SourceVersion "1"]
[SourceVersionDate "2019.10.17"]
[SourceQuality "1"]
[WhiteTeam "Hlohovec"]
[BlackTeam "Vrbove"]
[WhiteTeamCountry "SVK"]
[BlackTeamCountry "SVK"]

1. d4 d5 2. c4 e6 3. Nf3 c6 4. Nc3 Nf6 5. Bf4 Nbd7 6. e3 a6 7. Bd3 dxc4 8. Bxc4 b5 9. Bb3 Be7 10. 0-0 Bb7 11. Rc1 0-0 12. Ng5 Nd5 13. Nxd5 exd5 14. Nf3 Re8 15. Qd3 g6 16. Rc2 Nb6 17. Re2 a5 18. Rc1 b4 19. Ree1 a4 20. Bd1 Ba6 21. Qb1 Bb5 22. Ne5 Rc8 23. b3 Bd6 24. bxa4 Bxe5 25. Bxe5 Nxa4 26. Bxa4 Bxa4 27. Qxb4 Ra8 28. Rb1 Bb5 29. Ra1 Ra4 30. Qd6 Qxd6 31. Bxd6 Rea8 32. a3 Rc4 33. Rac1 Rca4 34. Bb4 f5 35. f3 Kf7 36. e4 fxe4 37. fxe4 dxe4 38. Rxe4 R4a7 39. Rc2 Rd7 40. Rf2+ Kg8 41. h4 Bc4 42. h5 Rad8 43. hxg6 hxg6 44. Rg4 Kg7 45. Rgf4 Re8 46. Bf8+ Kg8 47. Bc5 Re1+ 48. Kh2 Rh7+ 49. Kg3 Re3+ 50. R2f3 Rxf3+ 51. Rxf3 Rf7 52. Rxf7 Kxf7 53. Kf4 Ke6 54. a4 Bd3 55. a5 1/2-1/2

[Event "SVK-chT4 A21 1516"]
[Site "Slovakia"]
[Date "2015.10.18"]
[Round "2.3"]
[White "Lajda, Dusan"]
[Black "Hrdlicka, Martin"]
[Result "1-0"]
[WhiteElo "1795"]
[BlackElo "1370"]
[PlyCount "61"]
[EventDate "2015.10.04"]
[EventType "team-tourn"]
[EventRounds "11"]
[EventCountry "SVK"]
[SourceTitle "CBM 170 Extra"]
[Source "ChessBase"]
[SourceDate "2016.02.25"]
[SourceVersion "1"]
[SourceVersionDate "2016.02.25"]
[SourceQuality "1"]
[WhiteTeam "Vrbove II"]
[BlackTeam "Senica CVC II"]
[WhiteTeamCountry "SVK"]
[BlackTeamCountry "SVK"]

1. e4 e5 2. Nf3 Nc6 3. Bc4 Bc5 4. b4 Bxb4 5. c3 Ba5 6. d4 exd4 7. 0-0 Nge7 8. Ng5 Ne5 9. Nxf7 Nxf7 10. Bxf7+ Kxf7 11. Qh5+ Ng6 12. Qxa5 dxc3 13. Qd5+ Ke8 14. Nxc3 Qe7 15. Nb5 d6 16. Bg5 Qd7 17. Rac1 c6 18. Nxd6+ Kf8 19. Qc5 Ne7 20. Nf5 Kf7 21. Bxe7 g6 22. Nd6+ Kxe7 23. Nxc8+ Ke6 24. Rcd1 Qxc8 25. Rd6+ Kf7 26. Rfd1 Kg7 27. Rd7+ Kh6 28. h4 Qd8 29. Qe3+ g5 30. Rxd8 Raxd8 31. Qxg5# 1-0

[Event "SVK-chT4A21 1415"]
[Site "Slovakia"]
[Date "2015.03.15"]
[Round "11.1"]
[White "Curidlo, Jan1111"]
[Black "Lajda, Dusan"]
[Result "1/2-1/2"]
[WhiteElo "1889"]
[BlackElo "1853"]
[PlyCount "37"]
[EventDate "2014.10.12"]
[EventType "team-tourn"]
[EventRounds "11"]
[EventCountry "SVK"]
[SourceTitle "EXT 2022"]
[Source "ChessBase"]
[SourceDate "2021.10.06"]
[SourceVersion "1"]
[SourceVersionDate "2021.10.06"]
[SourceQuality "1"]
[WhiteTeam "Piestany Kupele II"]
[BlackTeam "Vrbove II"]
[WhiteTeamCountry "SVK"]
[BlackTeamCountry "SVK"]

1. e4 c5 2. Nf3 d6 3. c3 Nf6 4. Bc4 Nc6 5. d3 g6 6. 0-0 Bg7 7. Re1 0-0 8. h3 b6 9. Nbd2 Bb7 10. Nf1 Ne5 11. Nxe5 dxe5 12. Bg5 a6 13. a4 Bc6 14. Be3 Qc7 15. Qc2 b5 16. axb5 axb5 17. Bb3 Bb7 18. Qe2 Rfd8 19. f3 1/2-1/2

[Event "SVK-chT4A21 1415"]
[Site "Slovakia"]
[Date "2015.03.01"]
[Round "10.1"]
[White "Lajda, Dusan"]
[Black "Kubis, Ivan"]
[Result "0-1"]
[WhiteElo "1853"]
[BlackElo "1991"]
[PlyCount "50"]
[EventDate "2014.10.12"]
[EventType "team-tourn"]
[EventRounds "11"]
[EventCountry "SVK"]
[SourceTitle "EXT 2022"]
[Source "ChessBase"]
[SourceDate "2021.10.06"]
[SourceVersion "1"]
[SourceVersionDate "2021.10.06"]
[SourceQuality "1"]
[WhiteTeam "Vrbove II"]
[BlackTeam "Gbely Nafta II"]
[WhiteTeamCountry "SVK"]
[BlackTeamCountry "SVK"]

1. e4 e5 2. Nf3 Nc6 3. Bc4 Nf6 4. Ng5 d5 5. exd5 Na5 6. d3 h6 7. Nf3 e4 8. Qe2 Nxc4 9. dxc4 Bc5 10. Ng1 0-0 11. h3 Qd6 12. Be3 b5 13. Bxc5 Qxc5 14. cxb5 Nxd5 15. g3 Bb7 16. Na3 e3 17. f3 a6 18. b6 cxb6 19. 0-0-0 b5 20. Kb1 Rac8 21. c3 Nxc3+ 22. bxc3 Qxa3 23. Qxe3 Rxc3 24. Qb6 Bd5 25. Rh2 Bxa2+ 0-1

[Event "SVK-chT3A2 1415"]
[Site "Slovakia"]
[Date "2015.01.25"]
[Round "7.4"]
[White "Bahna, Jan"]
[Black "Lajda, Dusan"]
[Result "0-1"]
[WhiteElo "1940"]
[BlackElo "1853"]
[PlyCount "128"]
[EventDate "2014.10.19"]
[EventType "team-tourn"]
[EventRounds "11"]
[EventCountry "SVK"]
[SourceTitle "EXT 2019"]
[Source "ChessBase"]
[SourceDate "2018.10.10"]
[SourceVersion "1"]
[SourceVersionDate "2018.10.10"]
[SourceQuality "1"]

1. e4 c5 2. Nc3 d6 3. g3 Nc6 4. Bg2 Nf6 5. d3 g6 6. Nge2 Bg7 7. 0-0 0-0 8. h3 Rb8 9. a4 b6 10. Be3 Bb7 11. Qd2 Re8 12. Bh6 Bh8 13. f4 Bg7 14. f5 Bxh6 15. Qxh6 Ne5 16. Nf4 Bc8 17. Ncd5 Nxd5 18. Nxd5 f6 19. fxg6 Nxg6 20. Rf2 Rf8 21. Raf1 Rf7 22. Kh2 Be6 23. Ne3 Qf8 24. Qh5 Rg7 25. Nf5 Bxf5 26. exf5 Ne5 27. Bd5+ Kh8 28. Rf4 Rg5 29. Qe2 Rc8 30. Re1 Rc7 31. h4 Rg7 32. c3 a5 33. Kh3 Qe8 34. Re4 Qc8 35. Be6 Qe8 36. b3 Rb7 37. d4 cxd4 38. cxd4 Nc6 39. Qb5 Rb8 40. Rc1 Na7 41. Qc4 d5 42. Qxd5 Nc8 43. Qc6 Qxc6 44. Rxc6 Nd6 45. Re3 h5 46. Rc7 b5 47. Ra7 bxa4 48. bxa4 Rb4 49. Rxa5 Rxd4 50. Ra8+ Kh7 51. Ra3 Ne4 52. Rf3 Rd2 53. a5 Nf2+ 54. Kg2 Ne4+ 55. Kf1 Nxg3+ 56. Ke1 Ne4 57. Bc4 Rb2 58. Bd3 Nc5 59. Be2 Ne4 60. Rd8 Rg2 61. Bf1 Rg1 62. a6 Ra2 63. Re3 Rf2 64. Kd1 Rgxf1+ 0-1

[Event "SVK-chT4A21 1415"]
[Site "Slovakia"]
[Date "2015.01.18"]
[Round "7.1"]
[White "Lajda, Dusan"]
[Black "Diviak, Rastislav"]
[Result "1/2-1/2"]
[WhiteElo "1853"]
[BlackElo "2001"]
[PlyCount "50"]
[EventDate "2014.10.12"]
[EventType "team-tourn"]
[EventRounds "11"]
[EventCountry "SVK"]
[SourceTitle "EXT 2022"]
[Source "ChessBase"]
[SourceDate "2021.10.06"]
[SourceVersion "1"]
[SourceVersionDate "2021.10.06"]
[SourceQuality "1"]
[WhiteTeam "Vrbove II"]
[BlackTeam "Senica CVC II"]
[WhiteTeamCountry "SVK"]
[BlackTeamCountry "SVK"]

1. e4 c5 2. Nf3 a6 3. d4 cxd4 4. Nxd4 Nf6 5. Nc3 e5 6. Nb3 Bb4 7. Bd3 d5 8. exd5 Nxd5 9. Bd2 Nxc3 10. bxc3 Be7 11. 0-0 0-0 12. Re1 Nc6 13. Rb1 Be6 14. Be3 b5 15. Qe2 Qc7 16. f3 Rac8 17. Qf2 Nd8 18. Bb6 Qxc3 19. Ba5 Bc5 20. Bxc3 Bxf2+ 21. Kxf2 Rxc3 22. Rxe5 Nc6 23. Rc5 Rxc5 24. Nxc5 Bxa2 25. Rb2 Bc4 1/2-1/2

[Event "SVK-chT4A21 1415"]
[Site "Slovakia"]
[Date "2014.12.07"]
[Round "5.2"]
[White "Mackovic, Miroslav"]
[Black "Lajda, Dusan"]
[Result "1-0"]
[WhiteElo "1846"]
[BlackElo "1853"]
[PlyCount "75"]
[EventDate "2014.10.12"]
[EventType "team-tourn"]
[EventRounds "11"]
[EventCountry "SVK"]
[SourceTitle "EXT 2022"]
[Source "ChessBase"]
[SourceDate "2021.10.06"]
[SourceVersion "1"]
[SourceVersionDate "2021.10.06"]
[SourceQuality "1"]
[WhiteTeam "Modranka Komplet Juniors"]
[BlackTeam "Vrbove II"]
[WhiteTeamCountry "SVK"]
[BlackTeamCountry "SVK"]

1. e4 c5 2. Nf3 d6 3. d4 cxd4 4. Nxd4 Nf6 5. Nc3 a6 6. Be2 e6 7. Be3 Be7 8. 0-0 Nc6 9. f4 Qc7 10. g4 0-0 11. g5 Ne8 12. h4 b5 13. Nxc6 Qxc6 14. a3 Bb7 15. Bf3 Rc8 16. f5 Qc7 17. Bg4 Qc4 18. fxe6 f6 19. Rf4 Qc7 20. Rc1 Rb8 21. Nd5 Bxd5 22. exd5 Qd8 23. Qf1 Nc7 24. Rd1 Rb7 25. Bh3 Ne8 26. Qf2 Qc8 27. Bf1 Nc7 28. Bg2 Rb8 29. Be4 Qb7 30. Qg3 fxg5 31. hxg5 Rxf4 32. Qxf4 Rf8 33. Qg4 g6 34. Qh3 Qc8 35. Rd2 h5 36. Bxg6 Kg7 37. Qxh5 Rh8 38. Bd4+ 1-0

[Event "Piestany op"]
[Site "Piestany"]
[Date "2014.11.21"]
[Round "8"]
[White "Dubnicka, Ferdinand"]
[Black "Lajda, Dusan"]
[Result "0-1"]
[WhiteElo "1391"]
[BlackElo "1853"]
[PlyCount "90"]
[EventDate "2014.11.15"]
[EventType "swiss"]
[EventRounds "8"]
[EventCountry "SVK"]
[SourceTitle "EXT 2023"]
[Source "ChessBase"]
[SourceDate "2022.10.05"]
[SourceVersion "1"]
[SourceVersionDate "2022.10.05"]
[SourceQuality "1"]

1. e4 c5 2. Nc3 Nc6 3. Nf3 d6 4. Bb5 Bd7 5. 0-0 Nf6 6. d4 cxd4 7. Nxd4 g6 8. Bg5 Bg7 9. Nxc6 bxc6 10. Be2 0-0 11. h3 Qc7 12. Rb1 Rab8 13. Bf3 Rfe8 14. Qd2 Be6 15. b3 Nd7 16. Bf4 Ne5 17. Qe2 Rb7 18. a4 Reb8 19. Rfd1 a5 20. Na2 c5 21. Nc3 Nxf3+ 22. Qxf3 Bxc3 23. Qxc3 c4 24. e5 d5 25. Re1 Rb4 26. Bd2 Rc8 27. Qd4 c3 28. Qe3 cxd2 29. Qxd2 Qxc2 30. Qe3 d4 31. Qg5 Rb7 32. Rbc1 Qf5 33. Rxc8+ Bxc8 34. Qd2 Rb4 35. Qc1 Qd7 36. Qc5 Qd8 37. Rc1 Bb7 38. Rd1 Qd5 39. Qxd5 Bxd5 40. Rc1 Bxb3 41. Rc7 e6 42. Rc5 d3 43. Rxa5 d2 44. Ra8+ Kg7 45. Rd8 Bd5 0-1

[Event "Piestany op"]
[Site "Piestany"]
[Date "2014.11.20"]
[Round "7"]
[White "Lajda, Dusan"]
[Black "Zicho, Anton"]
[Result "1/2-1/2"]
[WhiteElo "1853"]
[BlackElo "1664"]
[PlyCount "32"]
[EventDate "2014.11.15"]
[EventType "swiss"]
[EventRounds "8"]
[EventCountry "SVK"]
[SourceTitle "EXT 2023"]
[Source "ChessBase"]
[SourceDate "2022.10.05"]
[SourceVersion "1"]
[SourceVersionDate "2022.10.05"]
[SourceQuality "1"]

1. e4 c6 2. d4 d5 3. Nc3 dxe4 4. Nxe4 Bf5 5. Ng3 Bg6 6. h4 h6 7. Nf3 Nd7 8. Bd3 Bxd3 9. Qxd3 Qc7 10. Bd2 e6 11. 0-0-0 Ngf6 12. Rhe1 0-0-0 13. Qb3 Bd6 14. Ne4 Nxe4 15. Rxe4 Nf6 16. Re2 Bf4 1/2-1/2